| 000 | 01511nam0a2200325 4500 | ||
|---|---|---|---|
| 001 | RU\NLR\bibl\1129263 | ||
| 005 | 20250615070835.0 | ||
| 010 |
_a978-5-367-00506-6 _95000 |
||
| 021 |
_aRU _b2007-52881 _92804 |
||
| 035 | _a(nilc)RSL-KNO-003155154 | ||
| 035 | _a(NLR Aleph) 001116187 | ||
| 090 |
_a1269162 _c1269162 |
||
| 100 | _a20070813d2007 |||y0rusy50 ca | ||
| 101 | 0 | _arus | |
| 102 | _aRU | ||
| 105 | _ay zzzz||||| | ||
| 200 | 1 |
_aЭвтаназия _eстрашная, страшная сказка _e[роман] _fИрина Шанина |
|
| 210 |
_aСанкт-Петербург _cАмфора _d2007 |
||
| 215 |
_a541,[1] с. _d19 |
||
| 225 | 1 | _aЧитать [модно] | |
| 610 | 0 | _aФилологические науки. Художественная литература -- Российская Федерация -- Русская литература -- с сер. 50-х гг. 20 в. -- Произведения художественной литературы -- Художественная проза -- Романы. Повести. Рассказы -- Приключенческие и детективные романы, повести, рассказы | |
| 686 |
_aШ5(2=Р)75-644.6 _2rubbk |
||
| 700 | 1 |
_aШанина _bИ. В. _gИрина Всеволодовна _4070 |
|
| 801 | 0 |
_aRU _bРКП _c20070813 _grcr |
|
| 801 | 1 |
_aRU _bРГБ _c20070813 |
|
| 801 | 2 |
_aRU _bNLR _c20070917 _grcr |
|
| 830 | _aАвт. по кн. | ||
| 942 | _cBOOK | ||
| 980 | _aNB | ||